000 02547cam a22005774i 4500
003 PE-LiUPU
005 20250731165505.0
008 150528s2012 ck a rb 000 0 spa d
020 _a9789586709958
035 _a(Sirsi) i9789586709958
040 _aPE-LiUPU
_bspa
_cPE-LiUPU
_erda
049 _aPRUA
082 0 4 _a006.6
_bB21
_221
100 1 _aBañon Pinar, José María,
_eautor.
245 1 0 _aComputación gráfica :
_bfundamentos teóricos /
_cJosé María Bañoñ Pinar.
250 _aPrimera edición.
264 1 _aColombia :
_bUniversidad del Valle,
_c2012.
300 _a277 páginas :
_bilustraciones ;
_c24 centímetros
336 _atext
_2rdacontent
337 _aunmediated
_2rdamedia
338 _avolume
_2rdacarrier
490 0 _aCiencias naturales y exactas
504 _aBibliografía : páginas 273-277.
505 0 _aConvenciones notacionales -- Fundamentos Matemáticos -- Los sistemas coordenados -- Espacio Vectorial y Afin -- Transformaciones lineales y afines -- Geometría analítica -- Algebra matricial y determinantes -- Álgebra de los cuaterniones -- Polilíneas y polígonos -- Representaciones de curvas -- Guía de estudio -- Problemas sobre el espacio afin -- Problemas sobre transformaciones bidimensionales -- Problemas sobre el rastreo -- Problemas sobre proyecciones planas -- Problemas sobre el recorte bidimensional -- Problemas del recorte tridimensional -- Problemas sobre la especificación de la vista.
526 _aSEG44
526 _aSEG26
526 _aP151
526 _aP150
526 _aP149
526 _aP146
526 _aP145
526 _aP126
526 _aP125
526 _aP92
526 _aP75
526 _aP74
526 _aP27
526 _aP15
541 _g043-0014410;
650 4 _aAlgebra
_vProblemas, ejercicios, etc.
650 4 _aGeometría analítica.
_921
650 4 _aGráficas por computador
_vTeorías.
650 4 _aJuegos con computadores
_vTeorías.
650 4 _aSistemas de representación tridimensional.
910 _acce
_bjvq
_ccce
_d20150528
942 _2ddc
_cBOOK
949 _a006.6 B21
_wDEWEY
_c1
_i71454
_lCCODEBUL1
_mBUL
_p13.60
_r0
_sY
_tBOOK
_u2015-5-28
_xINGENIERIA
_PP27
_0COMPRA
_o.STAFF. Colección General
994 _aC0
_bPEPRU
596 _a1
999 _a006.6 B21
_wDEWEY
_c23739
_i71454
_f2021-11-9
_g7
_lCCODEBUL1
_mBUL
_p13.60
_q1
_r0
_sY
_tBOOK
_u2015-5-28
_xINGENIERIA
_PP27
_0COMPRA
_o.STAFF. Colección General
_d23739
980 _81
_gALBERTO SANCHEZ Responsable de Automatización